| 000 | 01464nam a22002177a 4500 | ||
|---|---|---|---|
| 003 | NALT | ||
| 005 | 20240724233230.0 | ||
| 008 | s2545 th tha d | ||
| 040 | _aNALT | ||
| 041 | _atha | ||
| 050 |
_aLC215 _bช892ก 2545 |
||
| 100 | 0 | _aไชยรัตน์ ปราณี | |
| 245 | 1 | 0 |
_aการพัฒนาหลักสูตรฝึกอบรมเชิงปฏิบัติการเรื่อง การศึกษาชุมชนเพื่อสืบค้นองค์ความรู้และภูมิปัญญาท้องถิ่น ซึ่งเป็นข้อมูลพื้นฐานในการพัฒนาหลักสูตรระดับสถานศึกษา / _cไชยรัตน์ ปราณี. |
| 260 |
_aกรุงเทพฯ : _bคณะกรรมการการวิจัยการศึกษา การศาสนาและการวัฒนธรรม กระทรวงศึกษาธิการ, _c2545 |
||
| 300 |
_a306 หน้า : _bภาพประกอบ, ตาราง ; _c29 ซม. |
||
| 650 | 0 | 4 | _aชุมชนกับโรงเรียน |
| 650 | 0 | 4 | _aการศึกษาชุมชน -- หลักสูตรฝึกอบรม -- วิจัย |
| 850 | _aNALT | ||
| 942 |
_cRSH _2lcc |
||
| 999 |
_c44980 _d44980 |
||
| 998 |
_j109 _k อารีรัตน์ วิชาช่าง |
||